[Event "SF Buer 1 - SK Germania Kupferdreh 1"]
[Site "Verbandsklasse - Gr. 1 2019/2"]
[Date "2021.07.18"]
[Round "8.1"]
[White "Unteregge, Michael"]
[Black "GroÃŸe-Frintrop, Gerd"]
[Result "1/2-1/2"]
[WhiteElo "2050"]
[BlackElo "2007"]
[PlyCount "105"]
[EventDate "2021.??.??"]
[WhiteTeam "SK Germania Kupferdreh 1"]
[BlackTeam "SF Buer 1"]

1. Nf3 f5 2. g3 g6 3. Bg2 Nf6 4. O-O Bg7 5. c4 d6 6. d4 O-O 7. Nc3 e6 8. Re1
Ne4 9. Qc2 Nxc3 10. Qxc3 c5 11. e3 Nc6 12. Qd2 e5 13. d5 Nb8 14. e4 f4 15. b4
b6 16. bxc5 bxc5 17. Rb1 Bg4 18. Rb3 Nd7 19. h3 Bxf3 20. Bxf3 Nb6 21. Qc2 h5
22. Bd2 Qc8 23. Kg2 Qa6 24. Rc1 fxg3 25. fxg3 Rf7 26. Be2 Raf8 27. Rf1 Rxf1 28.
Bxf1 Kh7 29. Qc1 Rf7 30. Ra3 Qc8 31. Rf3 Rxf3 32. Kxf3 Qf8+ 33. Kg2 Bh6 34. h4
Bxd2 35. Qxd2 Nd7 36. Be2 Nf6 37. Bf3 Qb8 38. Qa5 Qb6 39. Qxb6 axb6 40. Kf2 Kg7
41. Ke3 Kf7 42. Kd3 Ke7 43. Kc3 Ne8 44. Kb3 Nc7 45. Ka4 Kd8 46. Be2 Kc8 47. Bf1
Kb7 48. Be2 Ka6 49. Bf1 Kb7 50. Be2 Ne8 51. Kb5 Nf6 52. Bf3 Nh7 53. Be2 1/2-1/2

[Event "SF Buer 1 - SK Germania Kupferdreh 1"]
[Site "Verbandsklasse - Gr. 1 2019/2"]
[Date "2021.07.18"]
[Round "8.3"]
[White "Bauriedel, Friedrich"]
[Black "Andersen, Knut"]
[Result "1-0"]
[WhiteElo "1790"]
[BlackElo "2030"]
[PlyCount "73"]
[EventDate "2021.??.??"]
[WhiteTeam "SK Germania Kupferdreh 1"]
[BlackTeam "SF Buer 1"]

1. d4 Nf6 2. Bg5 d5 3. Nd2 Nbd7 4. e3 h6 5. Bf4 e6 6. Bd3 Be7 7. Ngf3 O-O 8. h3
c5 9. c3 b6 10. O-O Bb7 11. Ne5 Nxe5 12. Bxe5 Nd7 13. Bh2 f5 14. Qe2 Nf6 15. f3
Bd6 16. g4 Bxh2+ 17. Qxh2 Qd7 18. Qe5 Nh7 19. Qg3 Rf6 20. f4 Nf8 21. Nf3 Ng6
22. g5 hxg5 23. Nxg5 Nh8 24. Kf2 Rh6 25. Rg1 Ng6 26. Nf3 Rf8 27. Rg2 Rf7 28. h4
Qe7 29. Rh1 Rf6 30. h5 Nf8 31. Be2 Rfg6 32. Qh2 Rxg2+ 33. Qxg2 Nd7 34. Nh4 Bc6
35. Ng6 Qf6 36. Qg5 Nf8 37. Ne7+ 1-0

[Event "SF Buer 1 - SK Germania Kupferdreh 1"]
[Site "Verbandsklasse - Gr. 1 2019/2"]
[Date "2021.07.18"]
[Round "8.4"]
[White "Seppelfricke, Guido"]
[Black "Zagrabski, Kevin"]
[Result "1/2-1/2"]
[WhiteElo "1848"]
[BlackElo "1885"]
[PlyCount "116"]
[EventDate "2021.??.??"]
[WhiteTeam "SF Buer 1"]
[BlackTeam "SK Germania Kupferdreh 1"]

1. e4 g6 2. d4 Bg7 3. Nf3 d6 4. c3 Nc6 5. Bb5 Bd7 6. O-O e5 7. d5 Nce7 8. Bxd7+
Qxd7 9. c4 h6 10. Nc3 f5 11. Re1 f4 12. b4 Nf6 13. c5 O-O 14. Qb3 Kh7 15. a4 g5
16. Ba3 Ng6 17. Rac1 g4 18. Nd2 g3 19. f3 gxh2+ 20. Kxh2 Rg8 21. cxd6 cxd6 22.
Nb5 Ne8 23. Re2 Bf8 24. Nf1 a6 25. Nc3 Qg7 26. Nd1 Nh4 27. Rcc2 Qg5 28. Kh1 Rc8
29. Nh2 Rxc2 30. Qxc2 Rg7 31. b5 Qd8 32. Qd3 axb5 33. axb5 Rg5 34. Rc2 Rh5 35.
Nf2 Ng6 36. Nfg4 Qh4 37. Qe2 Be7 38. Kg1 Bd8 39. Qf2 Qe7 40. b6 Rg5 41. Nf1 h5
42. Ngh2 Nh4 43. g4 fxg3 44. Nxg3 Qg7 45. Nhf1 Ng6 46. Kh1 Nf4 47. Nf5 Qg6 48.
Nh4 Qg8 49. Bc1 Nf6 50. Bxf4 exf4 51. Nf5 Nd7 52. Rc7 Bxc7 53. bxc7 Qc8 54. Qh4
Rxf5 55. exf5 Qxc7 56. Qxh5+ Kg7 57. Qg6+ Kf8 58. f6 Ne5 1/2-1/2

[Event "SF Buer 1 - SK Germania Kupferdreh 1"]
[Site "Verbandsklasse - Gr. 1 2019/2"]
[Date "2021.07.18"]
[Round "8.5"]
[White "Schaefer, Johannes"]
[Black "Kreitling, Oliver"]
[Result "0-1"]
[WhiteElo "1778"]
[BlackElo "1875"]
[PlyCount "78"]
[EventDate "2021.??.??"]
[WhiteTeam "SK Germania Kupferdreh 1"]
[BlackTeam "SF Buer 1"]

1. e4 e5 2. Nf3 Nc6 3. Bc4 Bc5 4. c3 Nf6 5. d4 exd4 6. O-O dxc3 7. e5 d5 8.
exf6 dxc4 9. Qe2+ Be6 10. fxg7 Rg8 11. Rd1 Qf6 12. Nxc3 Qxg7 13. g3 Bd6 14. Ng5
Qg6 15. Nxe6 Qxe6 16. Be3 O-O-O 17. Rac1 Rg4 18. Nb5 Kb8 19. Qc2 h5 20. Nd4
Nxd4 21. Rxd4 Rxd4 22. Bxd4 Bxg3 23. Bxa7+ Kxa7 24. hxg3 h4 25. Qxc4 hxg3 26.
Qc5+ Qb6 27. Qxb6+ Kxb6 28. Rc2 gxf2+ 29. Kxf2 Re8 30. Kf3 c5 31. Rd2 Kc6 32.
Rh2 Re6 33. Rd2 b5 34. Rd3 c4 35. Rd2 Kc5 36. Rd7 f6 37. a3 Rd6 38. Rf7 Rd2 39.
Rxf6 Rxb2 0-1

[Event "SF Buer 1 - SK Germania Kupferdreh 1"]
[Site "Verbandsklasse - Gr. 1 2019/2"]
[Date "2021.07.18"]
[Round "8.6"]
[White "Altieri, Dennis"]
[Black "Bendel, Ruediger"]
[Result "0-1"]
[WhiteElo "1666"]
[BlackElo "1884"]
[PlyCount "102"]
[EventDate "2021.??.??"]
[WhiteTeam "SF Buer 1"]
[BlackTeam "SK Germania Kupferdreh 1"]

1. f4 d5 2. Nf3 g6 3. d4 Bg7 4. e3 h5 5. Bd3 h4 6. h3 Bf5 7. Bxf5 gxf5 8. Qd3
Qd7 9. Bd2 Nc6 10. Na3 Nf6 11. c3 Ne4 12. b4 f6 13. Nc2 a5 14. b5 Nd8 15. O-O
Nxd2 16. Nxd2 b6 17. c4 e6 18. cxd5 exd5 19. e4 dxe4 20. Nxe4 Kf7 21. Nc3 Nb7
22. Rae1 Rae8 23. a4 Nd6 24. Rxe8 Rxe8 25. Qf3 Kg6 26. Qd5 Bf8 27. Rf3 Qf7 28.
Qxf7+ Kxf7 29. Re3 Ne4 30. Nxe4 fxe4 31. f5 Bd6 32. Kf2 Bf4 33. Rc3 Rd8 34. Ke2
Rd5 35. Ne3 Rxd4 36. Ra3 Ke7 37. Ra2 Kd6 38. Ng4 Bg5 39. Rc2 Rxa4 40. Rc6+ Kd5
41. Nxf6+ Bxf6 42. Rxf6 Ke5 43. Rh6 Ra2+ 44. Ke3 Rxg2 45. Rxh4 Rg3+ 46. Ke2
Kxf5 47. Rh7 Rc3 48. h4 a4 49. Rf7+ Kg4 50. Re7 Rc4 51. Re8 Kxh4 0-1

[Event "SF Buer 1 - SK Germania Kupferdreh 1"]
[Site "Verbandsklasse - Gr. 1 2019/2"]
[Date "2021.07.18"]
[Round "8.7"]
[White "Schaefer, Karl Ludwig"]
[Black "Olschewski, Niklas"]
[Result "0-1"]
[WhiteElo "1606"]
[BlackElo "1677"]
[PlyCount "90"]
[EventDate "2021.??.??"]
[WhiteTeam "SK Germania Kupferdreh 1"]
[BlackTeam "SF Buer 1"]

1. e4 c5 2. Nc3 e6 3. f4 d5 4. exd5 exd5 5. Bb5+ Bd7 6. Qe2+ Ne7 7. Nxd5 Bxb5
8. Qxb5+ Nbc6 9. Nxe7 Qxe7+ 10. Qe2 Nd4 11. Qxe7+ Bxe7 12. Kd1 O-O-O 13. c3 Ne6
14. g3 c4 15. Nf3 Bf6 16. Re1 Nc5 17. Ne5 Bxe5 18. Rxe5 Nd3 19. Re3 Rhe8 20.
Ke2 h5 21. b3 b5 22. Ba3 f6 23. Rb1 h4 24. Kf3 hxg3 25. Kxg3 g5 26. fxg5 Rxe3+
27. dxe3 Rg8 28. h4 fxg5 29. h5 Re8 30. Bc1 Re4 31. Bd2 Rh4 32. Rf1 Rxh5 33.
Rf5 a6 34. e4 Rh1 35. bxc4 bxc4 36. Bxg5 Re1 37. Kf3 Kb7 38. Rd5 Kc6 39. Bd2
Ra1 40. Ra5 Kb6 41. Ra3 Kb5 42. Ke3 Rh1 43. Kd4 Rh2 44. Bg5 Ne1 45. Bd8 Nc2+
0-1

[Event "SF Buer 1 - SK Germania Kupferdreh 1"]
[Site "Verbandsklasse - Gr. 1 2019/2"]
[Date "2021.07.18"]
[Round "8.8"]
[White "Uebing, Burkhart"]
[Black "Beisemann, Ruben"]
[Result "1-0"]
[WhiteElo "1693"]
[BlackElo "1280"]
[PlyCount "67"]
[EventDate "2021.??.??"]
[WhiteTeam "SF Buer 1"]
[BlackTeam "SK Germania Kupferdreh 1"]

1. c4 d5 2. cxd5 Qxd5 3. Nc3 Qa5 4. d4 g6 5. g3 Bg7 6. Bg2 c5 7. e3 Nh6 8. Nge2
O-O 9. O-O Nc6 10. dxc5 Nb4 11. a3 Rd8 12. axb4 Rxd1 13. bxa5 Rxf1+ 14. Kxf1
Ng4 15. h3 Ne5 16. Nd4 Nd3 17. c6 bxc6 18. Nxc6 Kf8 19. Ke2 Ba6 20. Kd2 Nc5 21.
Ra3 f5 22. b4 Bxc3+ 23. Rxc3 Ne4+ 24. Bxe4 fxe4 25. Rc5 Rc8 26. Ba3 Bb7 27. b5
a6 28. Nd4 Re8 29. Rc7 Kg8 30. Bxe7 Rb8 31. b6 Bc8 32. Nc6 Rb7 33. Rxc8+ Kf7
34. Rc7 1-0

[Event "SV Wattenscheid 3 - SC Listiger Bauer E"]
[Site "Verbandsklasse - Gr. 2 2019/2"]
[Date "2021.07.04"]
[Round "6.2"]
[White "Wolf, Ulrich"]
[Black "Klups, Christoph"]
[Result "1/2-1/2"]
[WhiteElo "1997"]
[BlackElo "1968"]
[PlyCount "21"]
[EventDate "2021.??.??"]
[WhiteTeam "SV Wattenscheid 3"]
[BlackTeam "SC Listiger Bauer Essen 1"]

1. Nf3 c5 2. c4 g6 3. e4 Nc6 4. d4 cxd4 5. Nxd4 Bg7 6. Be3 Nf6 7. Nc3 Qa5 8. f3
O-O 9. Be2 d6 10. O-O Bd7 11. Rc1 1/2-1/2

[Event "SV Wattenscheid 3 - SC Listiger Bauer E"]
[Site "Verbandsklasse - Gr. 2 2019/2"]
[Date "2021.07.04"]
[Round "6.3"]
[White "Ball, Joerg"]
[Black "Thelen, Thomas"]
[Result "1/2-1/2"]
[WhiteElo "1916"]
[BlackElo "2050"]
[PlyCount "33"]
[EventDate "2021.??.??"]
[WhiteTeam "SC Listiger Bauer Essen 1"]
[BlackTeam "SV Wattenscheid 3"]

1. f4 c5 2. Nf3 b6 3. g3 Bb7 4. Bg2 e6 5. O-O Nf6 6. d3 Qc7 7. e4 d6 8. a4 Nbd7
9. Na3 a6 10. Qe2 Be7 11. Bd2 Bc6 12. Nc4 O-O 13. e5 Ne8 14. exd6 Nxd6 15. Nce5
Nxe5 16. fxe5 Nf5 17. Bf4 1/2-1/2

[Event "SV Wattenscheid 3 - SC Listiger Bauer E"]
[Site "Verbandsklasse - Gr. 2 2019/2"]
[Date "2021.07.04"]
[Round "6.5"]
[White "Gunkel, Christian"]
[Black "Hielscher, Klaus-Peter"]
[Result "1/2-1/2"]
[WhiteElo "1901"]
[BlackElo "1739"]
[PlyCount "30"]
[EventDate "2021.??.??"]
[WhiteTeam "SC Listiger Bauer Essen 1"]
[BlackTeam "SV Wattenscheid 3"]

1. d4 Nf6 2. Bf4 g6 3. c3 Bg7 4. h3 d6 5. Nf3 O-O 6. Nbd2 Nbd7 7. e4 Nh5 8. Bh2
e5 9. Be2 Nf4 10. Bxf4 exf4 11. Qc2 c5 12. O-O f5 13. Rfe1 Kh8 14. a4 fxe4 15.
Nxe4 Nf6 1/2-1/2

[Event "SV Wattenscheid 3 - SC Listiger Bauer E"]
[Site "Verbandsklasse - Gr. 2 2019/2"]
[Date "2021.07.04"]
[Round "6.6"]
[White "Kraus, Tanja"]
[Black "Schettki, Martin"]
[Result "1/2-1/2"]
[WhiteElo "1614"]
[BlackElo "1807"]
[PlyCount "26"]
[EventDate "2021.??.??"]
[WhiteTeam "SV Wattenscheid 3"]
[BlackTeam "SC Listiger Bauer Essen 1"]

1. e4 d5 2. exd5 Qxd5 3. Nc3 Qd6 4. d4 Nf6 5. Nf3 c6 6. h3 Bf5 7. Bd3 Bxd3 8.
Qxd3 e6 9. Ne5 Qc7 10. O-O Nbd7 11. f4 Be7 12. Bd2 Nb6 13. f5 exf5 1/2-1/2

[Event "SW Oberhausen 1 - SC Rochade Rüttensche"]
[Site "Verbandsklasse - Gr. 2 2019/2"]
[Date "2021.07.04"]
[Round "6.1"]
[White "Busacker, Holger"]
[Black "Puetter, Pascal"]
[Result "1/2-1/2"]
[WhiteElo "1823"]
[BlackElo "1985"]
[PlyCount "24"]
[EventDate "2021.??.??"]
[WhiteTeam "SC Rochade Rüttenscheid 1"]
[BlackTeam "SW Oberhausen 1"]

1. e4 e6 2. d3 d5 3. Nd2 Nf6 4. g3 dxe4 5. dxe4 e5 6. Bg2 Bc5 7. Ngf3 O-O 8.
O-O Nc6 9. h3 Re8 10. c3 a5 11. Qe2 h6 12. Rd1 Qe7 1/2-1/2

[Event "SW Oberhausen 1 - SC Rochade Rüttensche"]
[Site "Verbandsklasse - Gr. 2 2019/2"]
[Date "2021.07.04"]
[Round "6.3"]
[White "Storp, Thomas"]
[Black "Schwerdtfeger, Joachim"]
[Result "1/2-1/2"]
[WhiteElo "1833"]
[BlackElo "1892"]
[PlyCount "22"]
[EventDate "2021.??.??"]
[WhiteTeam "SC Rochade Rüttenscheid 1"]
[BlackTeam "SW Oberhausen 1"]

1. e4 e5 2. Nf3 Nc6 3. Bc4 Be7 4. O-O Nf6 5. d3 O-O 6. a3 d6 7. h3 h6 8. Nc3
Re8 9. b4 Bf8 10. Bb2 Ne7 11. Nd2 Ng6 1/2-1/2

[Event "SW Oberhausen 1 - SC Rochade Rüttensche"]
[Site "Verbandsklasse - Gr. 2 2019/2"]
[Date "2021.07.04"]
[Round "6.8"]
[White "Killus, Anastasios"]
[Black "Seibert, Adalbert"]
[Result "1/2-1/2"]
[WhiteElo "1510"]
[BlackElo "1624"]
[PlyCount "20"]
[EventDate "2021.??.??"]
[WhiteTeam "SW Oberhausen 1"]
[BlackTeam "SC Rochade Rüttenscheid 1"]

1. e4 c5 2. Nf3 Nc6 3. d4 cxd4 4. Nxd4 e5 5. Nxc6 bxc6 6. Nc3 Nf6 7. Bc4 Bb4 8.
Bg5 Bxc3+ 9. bxc3 O-O 10. Bxf6 Qxf6 1/2-1/2

[Event "SC Gerthe - Werne 1 - SV Rot-Weiß-Alten"]
[Site "Verbandsklasse - Gr. 3 2019/2"]
[Date "2021.07.18"]
[Round "8.1"]
[White "Praß, Marian"]
[Black "Quast, Marcel"]
[Result "0-1"]
[WhiteElo "2014"]
[BlackElo "2270"]
[PlyCount "54"]
[EventDate "2021.??.??"]
[WhiteTeam "SV Rot-Weiß-Altenessen 1"]
[BlackTeam "SC Gerthe - Werne 1"]

1. e4 e5 2. Nf3 d6 3. d4 exd4 4. Nxd4 Nf6 5. Nc3 Be7 6. Bf4 O-O 7. Qd2 d5 8.
Ndb5 Bb4 9. f3 Ba5 10. e5 Nfd7 11. O-O-O a6 12. Nd4 c5 13. Nb3 d4 14. Nxa5 Qxa5
15. Nb1 Qxa2 16. Qf2 Qe6 17. Nd2 b5 18. Bd3 Bb7 19. Rde1 c4 20. Be4 Bxe4 21.
Nxe4 Nc6 22. Ng5 Qf5 23. Qg3 Nb4 24. Re4 Nc5 25. h4 d3 26. h5 dxc2 27. h6 Nb3#
0-1

[Event "SC Gerthe - Werne 1 - SV Rot-Weiß-Alten"]
[Site "Verbandsklasse - Gr. 3 2019/2"]
[Date "2021.07.18"]
[Round "8.2"]
[White "Gottmann, Bernd"]
[Black "Rohloff, Markus"]
[Result "1/2-1/2"]
[WhiteElo "1968"]
[BlackElo "1892"]
[PlyCount "80"]
[EventDate "2021.??.??"]
[WhiteTeam "SC Gerthe - Werne 1"]
[BlackTeam "SV Rot-Weiß-Altenessen 1"]

1. d4 Nf6 2. c4 e5 3. dxe5 Ne4 4. a3 Nc6 5. Nf3 d6 6. Bf4 g5 7. Qd5 Bg7 8. Qxe4
gxf4 9. exd6+ Be6 10. Nc3 cxd6 11. e3 Qa5 12. Rc1 fxe3 13. Qxe3 O-O 14. Be2
Bxc4 15. Qg5 Qxg5 16. Nxg5 Rfe8 17. Kd1 Bb3+ 18. Kd2 Bh6 19. f4 f6 20. Nh3 d5
21. g3 d4 22. Nb5 d3 23. Bf3 Ne5 24. Bh5 Re7 25. Nd4 Nc4+ 26. Rxc4 Bxc4 27. Nf5
Bf8 28. Nxe7+ Bxe7 29. Re1 Kf8 30. f5 Rd8 31. Nf4 Rd6 32. Bf3 Rb6 33. Kc3 Bf7
34. b4 a5 35. Nxd3 axb4+ 36. axb4 Ra6 37. Bxb7 Ra3+ 38. Kd4 Rb3 39. Ba6 Bxb4
40. Nxb4 Rxb4+ 1/2-1/2

[Event "SC Gerthe - Werne 1 - SV Rot-Weiß-Alten"]
[Site "Verbandsklasse - Gr. 3 2019/2"]
[Date "2021.07.18"]
[Round "8.4"]
[White "Saeglitz, Patrick"]
[Black "Cavasin, Joerg"]
[Result "1-0"]
[WhiteElo "1698"]
[BlackElo "1876"]
[PlyCount "75"]
[EventDate "2021.??.??"]
[WhiteTeam "SC Gerthe - Werne 1"]
[BlackTeam "SV Rot-Weiß-Altenessen 1"]

1. d4 Nf6 2. c4 d6 3. Nc3 g6 4. e4 Bg7 5. f3 O-O 6. Be3 e5 7. d5 Nh5 8. Qd2 f5
9. O-O-O a6 10. Kb1 f4 11. Bf2 Bd7 12. g4 Nf6 13. h4 Qe8 14. g5 Nh5 15. Bh3 b5
16. c5 Bxh3 17. Nxh3 b4 18. Ne2 Qb5 19. Rc1 a5 20. cxd6 cxd6 21. Rc7 Ng3 22.
Re1 Na6 23. Rc6 Nxe2 24. Qxe2 Qxe2 25. Rxe2 Rfd8 26. Bb6 Nb8 27. Rc1 Re8 28.
Rec2 Nd7 29. Bc7 Bf8 30. Rc6 Nb8 31. Bxb8 Raxb8 32. Nf2 Be7 33. Ng4 Rb7 34. Ra6
Rb5 35. Rcc6 Reb8 36. Ra7 Kf8 37. Rcc7 Re8 38. Nf6 1-0

[Event "SC Gerthe - Werne 1 - SV Rot-Weiß-Alten"]
[Site "Verbandsklasse - Gr. 3 2019/2"]
[Date "2021.07.18"]
[Round "8.5"]
[White "Metzner, Carsten"]
[Black "Al Zoubi, Ahmad"]
[Result "1-0"]
[WhiteElo "1772"]
[BlackElo "1808"]
[PlyCount "83"]
[EventDate "2021.??.??"]
[WhiteTeam "SV Rot-Weiß-Altenessen 1"]
[BlackTeam "SC Gerthe - Werne 1"]

1. e4 c5 2. Nf3 Nc6 3. Nc3 e6 4. d4 cxd4 5. Nxd4 a6 6. Be3 Nf6 7. f3 Bb4 8. a3
Ba5 9. Nb3 Bc7 10. Qd2 b5 11. g4 Ne5 12. Be2 Bb7 13. O-O-O d6 14. h4 Qe7 15. h5
Nfd7 16. g5 Rd8 17. Qe1 Nb6 18. Kb1 Nbc4 19. Bc1 Na5 20. Nxb5 Nac4 21. Nxc7+
Qxc7 22. Rh4 Rc8 23. Nd4 Nd7 24. Qc3 Ndb6 25. Ka1 d5 26. h6 e5 27. hxg7 Rg8 28.
Nf5 d4 29. Qb4 a5 30. Qb5+ Bc6 31. Qc5 Ba4 32. Qxc7 Rxc7 33. b3 Ne3 34. Bxe3
Rxc2 35. bxa4 Rxe2 36. Bd2 Nc4 37. Bc1 f6 38. Rxh7 fxg5 39. Rh8 Kf7 40. Nh6+
Kxg7 41. Rxg8+ Kxh6 42. Rh1+ 1-0

[Event "SC Gerthe - Werne 1 - SV Rot-Weiß-Alten"]
[Site "Verbandsklasse - Gr. 3 2019/2"]
[Date "2021.07.18"]
[Round "8.6"]
[White "Gawlick, Matthias"]
[Black "Avgustin, Thomas"]
[Result "0-1"]
[WhiteElo "1600"]
[BlackElo "1721"]
[PlyCount "60"]
[EventDate "2021.??.??"]
[WhiteTeam "SC Gerthe - Werne 1"]
[BlackTeam "SV Rot-Weiß-Altenessen 1"]

1. d4 e6 2. c4 d5 3. cxd5 exd5 4. Nc3 Nf6 5. Nf3 Bb4 6. Qa4+ Nc6 7. Bg5 Bd7 8.
Qd1 O-O 9. e3 Re8 10. Be2 h6 11. Bxf6 Qxf6 12. O-O Be6 13. h3 a6 14. a4 Rad8
15. Qb3 Qe7 16. Na2 Bc8 17. Rac1 Bd6 18. Nc3 Nb4 19. Na2 c6 20. Nxb4 Bxb4 21.
Ne5 Bd6 22. Nd3 Qg5 23. f4 Qh4 24. Rf3 Re6 25. f5 Re4 26. Rcf1 Rde8 27. Nf2
Bxf5 28. Nd1 Bc8 29. Rxf7 Bxh3 30. Bf3 Be6 0-1

[Event "SC Gerthe - Werne 1 - SV Rot-Weiß-Alten"]
[Site "Verbandsklasse - Gr. 3 2019/2"]
[Date "2021.07.18"]
[Round "8.7"]
[White "Kuhn, Manfred"]
[Black "Wuellner, Robin"]
[Result "1-0"]
[WhiteElo "2007"]
[BlackElo "1511"]
[PlyCount "81"]
[EventDate "2021.??.??"]
[WhiteTeam "SV Rot-Weiß-Altenessen 1"]
[BlackTeam "SC Gerthe - Werne 1"]

1. Nf3 Nc6 2. d4 d5 3. c4 dxc4 4. e3 Bg4 5. Bxc4 e6 6. O-O Nf6 7. Nbd2 Bd6 8.
Be2 Qe7 9. Nc4 h5 10. Nfe5 Bxe2 11. Qxe2 Ne4 12. f3 Nf6 13. f4 h4 14. Nxc6 bxc6
15. Qf3 Qd7 16. Na5 Nd5 17. Bd2 c5 18. Nb3 cxd4 19. exd4 Rb8 20. Rae1 O-O 21.
Qg4 Be7 22. f5 Rb6 23. Bh6 Bf6 24. Nc5 Qe7 25. fxe6 fxe6 26. Bc1 Re8 27. Re4
Bxd4+ 28. Rxd4 Qxc5 29. Bh6 Re7 30. Rc1 Qa5 31. Ra4 Qb5 32. Rxa7 Rc6 33. Ra8+
Kh7 34. Rf1 Qc5+ 35. Kh1 Ne3 36. Bxe3 Qxe3 37. Qxh4+ Qh6 38. Qe4+ Qg6 39. Qxc6
Qd3 40. Raf8 Rd7 41. Qf3 1-0

[Event "SC Gerthe - Werne 1 - SV Rot-Weiß-Alten"]
[Site "Verbandsklasse - Gr. 3 2019/2"]
[Date "2021.07.18"]
[Round "8.8"]
[White "Berghaus, Matthias"]
[Black "Jahns, Uwe"]
[Result "1-0"]
[WhiteElo "1783"]
[BlackElo "1555"]
[PlyCount "91"]
[EventDate "2021.??.??"]
[WhiteTeam "SC Gerthe - Werne 1"]
[BlackTeam "SV Rot-Weiß-Altenessen 1"]

1. c4 c5 2. Nc3 Nc6 3. Nf3 g6 4. g3 Bg7 5. Bg2 Nf6 6. O-O O-O 7. d4 cxd4 8.
Nxd4 Nxd4 9. Qxd4 d6 10. Qd3 a6 11. Rd1 Qc7 12. a4 Bd7 13. Ra2 Rac8 14. b3 Bc6
15. Nd5 Nxd5 16. cxd5 Bd7 17. Bb2 Qb6 18. Bxg7 Kxg7 19. Rc2 Rxc2 20. Qxc2 Rc8
21. Qb2+ Kg8 22. Rd4 e5 23. dxe6 Bxe6 24. b4 Rc4 25. Rxc4 Bxc4 26. Qd2 Qc7 27.
e4 b5 28. a5 Qe7 29. h3 h5 30. Qd4 Be6 31. Qb6 Bc8 32. Qb8 Qe6 33. e5 d5 34.
Bxd5 Qxd5 35. Qxc8+ Kg7 36. Qxa6 Qd1+ 37. Kh2 Qd4 38. Qb6 Qxe5 39. a6 h4 40.
Qb7 hxg3+ 41. fxg3 Qe2+ 42. Qg2 Qe7 43. Qa2 Qa7 44. h4 Kh6 45. Kh3 f5 46. Qg8
1-0

[Event "SG Mengede 1 - SV Bönen 1"]
[Site "Verbandsklasse - Gr. 3 2019/2"]
[Date "2021.07.18"]
[Round "8.1"]
[White "Schlottmann, Fabian"]
[Black "Borgschulze, Maik"]
[Result "1/2-1/2"]
[WhiteElo "2299"]
[BlackElo "2124"]
[PlyCount "30"]
[EventDate "2021.??.??"]
[WhiteTeam "SV Bönen 1"]
[BlackTeam "SG Mengede 1"]

1. d4 Nf6 2. Bg5 e6 3. e4 h6 4. Bxf6 Qxf6 5. Nf3 d6 6. Nc3 g5 7. e5 dxe5 8.
Nxe5 Bg7 9. Ne4 Qe7 10. Bd3 Nd7 11. Nxd7 Bxd7 12. c3 Bc6 13. Qe2 O-O-O 14. O-O
a5 15. Bb5 Qd7 1/2-1/2

[Event "SG Mengede 1 - SV Bönen 1"]
[Site "Verbandsklasse - Gr. 3 2019/2"]
[Date "2021.07.18"]
[Round "8.2"]
[White "Delvos, Thorsten"]
[Black "Moenkemeyer, Maik"]
[Result "1/2-1/2"]
[WhiteElo "1993"]
[BlackElo "1845"]
[PlyCount "53"]
[EventDate "2021.??.??"]
[WhiteTeam "SG Mengede 1"]
[BlackTeam "SV Bönen 1"]

1. c4 c6 2. g3 d5 3. Bg2 Nf6 4. Nf3 dxc4 5. O-O Nbd7 6. Qc2 Nb6 7. a4 a5 8. Na3
Be6 9. Ng5 Bg4 10. f3 Bh5 11. Nxc4 Qd4+ 12. Ne3 e6 13. Kh1 Be7 14. Qb3 Qb4 15.
Qxb4 axb4 16. b3 h6 17. Nh3 Nfd5 18. Nxd5 Nxd5 19. e4 Bf6 20. Rb1 Bg6 21. f4
Nc7 22. Bb2 Bxb2 23. Rxb2 Rd8 24. f5 Bh7 25. g4 e5 26. Rc1 Rd4 27. Nf2 1/2-1/2

[Event "SG Mengede 1 - SV Bönen 1"]
[Site "Verbandsklasse - Gr. 3 2019/2"]
[Date "2021.07.18"]
[Round "8.3"]
[White "Helmert, Jochen"]
[Black "Weinert, Christian"]
[Result "1/2-1/2"]
[WhiteElo "1891"]
[BlackElo "1942"]
[PlyCount "67"]
[EventDate "2021.??.??"]
[WhiteTeam "SV Bönen 1"]
[BlackTeam "SG Mengede 1"]

1. e4 c5 2. Nf3 d6 3. Bb5+ Bd7 4. Bxd7+ Nxd7 5. O-O e6 6. c3 Ngf6 7. Re1 Be7 8.
d4 cxd4 9. cxd4 d5 10. e5 Ne4 11. Qb3 Qb6 12. Qd3 Rc8 13. Nbd2 Nxd2 14. Bxd2
Nb8 15. a4 a6 16. h4 Nc6 17. Rec1 O-O 18. Bg5 Qd8 19. Bxe7 Qxe7 20. Qa3 Qxa3
21. bxa3 Ne7 22. Kf1 Rxc1+ 23. Rxc1 Rc8 24. Rxc8+ Nxc8 25. Nd2 Ne7 26. Nb3 b6
27. Ke2 a5 28. g3 h5 29. Ke3 Kh7 30. Nd2 Nc6 31. Nf3 g6 32. Nd2 Kg7 33. f4 Kf8
34. Nb3 1/2-1/2

[Event "SG Mengede 1 - SV Bönen 1"]
[Site "Verbandsklasse - Gr. 3 2019/2"]
[Date "2021.07.18"]
[Round "8.4"]
[White "Bork, Sophie"]
[Black "Wegner, Stephan"]
[Result "1/2-1/2"]
[WhiteElo "1901"]
[BlackElo "1739"]
[PlyCount "42"]
[EventDate "2021.??.??"]
[WhiteTeam "SG Mengede 1"]
[BlackTeam "SV Bönen 1"]

1. e4 e6 2. d4 d5 3. Nd2 Nf6 4. e5 Nfd7 5. Bd3 c5 6. c3 Nc6 7. Ne2 cxd4 8. cxd4
f6 9. exf6 Nxf6 10. O-O Bd6 11. Nf3 Qc7 12. h3 O-O 13. Be3 Bd7 14. Rc1 Rae8 15.
Nc3 a6 16. Bb1 Re7 17. a3 Be8 18. Qd2 Qb8 19. Ne1 Nh5 20. Nd3 Bg6 21. Ne2 Ref7
1/2-1/2

[Event "SG Mengede 1 - SV Bönen 1"]
[Site "Verbandsklasse - Gr. 3 2019/2"]
[Date "2021.07.18"]
[Round "8.5"]
[White "Volling, Andreas"]
[Black "Ewers, Christian"]
[Result "1/2-1/2"]
[WhiteElo "1816"]
[BlackElo "1768"]
[PlyCount "52"]
[EventDate "2021.??.??"]
[WhiteTeam "SV Bönen 1"]
[BlackTeam "SG Mengede 1"]

1. d4 Nf6 2. c4 c5 3. d5 b5 4. Nd2 Qa5 5. e4 bxc4 6. Bxc4 d6 7. Ne2 g6 8. Nc3
Bg7 9. O-O O-O 10. Qe2 Qd8 11. h3 Nbd7 12. f4 Ne8 13. Nf3 Nb6 14. Bb5 Nc7 15.
Rd1 Nxb5 16. Qxb5 Bd7 17. Qd3 Na4 18. e5 c4 19. Qxc4 Nxb2 20. Bxb2 Qb6+ 21. Qd4
Qxb2 22. Rab1 Qa3 23. Rb7 Rfd8 24. Rdb1 Rac8 25. R1b3 Qc1+ 26. Kh2 a5 1/2-1/2

[Event "SG Mengede 1 - SV Bönen 1"]
[Site "Verbandsklasse - Gr. 3 2019/2"]
[Date "2021.07.18"]
[Round "8.6"]
[White "Kraus, Reinhard"]
[Black "Romstadt, Dirk"]
[Result "1-0"]
[WhiteElo "1791"]
[BlackElo "1675"]
[PlyCount "61"]
[EventDate "2021.??.??"]
[WhiteTeam "SG Mengede 1"]
[BlackTeam "SV Bönen 1"]

1. c4 e6 2. g3 d5 3. Bg2 c6 4. Nf3 Nf6 5. b3 Nbd7 6. O-O Be7 7. Bb2 O-O 8. Qc2
h6 9. Nc3 Nh7 10. cxd5 exd5 11. Nd4 Qc7 12. Nxd5 Qd8 13. Nxe7+ Qxe7 14. Nf5 Qc5
15. Qxc5 Nxc5 16. Nxg7 Ng5 17. Nh5 Rd8 18. d3 Nce6 19. h4 Nh7 20. Nf6+ Nxf6 21.
Bxf6 Re8 22. d4 Nc7 23. e4 Re6 24. Be5 Nb5 25. f4 h5 26. d5 cxd5 27. exd5 Rg6
28. f5 Rh6 29. f6 Bg4 30. a4 Re8 31. Bf4 1-0

[Event "SG Mengede 1 - SV Bönen 1"]
[Site "Verbandsklasse - Gr. 3 2019/2"]
[Date "2021.07.18"]
[Round "8.7"]
[White "Reinert, Holger"]
[Black "Wiktor, Reinhard"]
[Result "0-1"]
[WhiteElo "1587"]
[BlackElo "1760"]
[PlyCount "114"]
[EventDate "2021.??.??"]
[WhiteTeam "SV Bönen 1"]
[BlackTeam "SG Mengede 1"]

1. e4 c5 2. c3 e6 3. d4 cxd4 4. cxd4 a6 5. Nf3 d6 6. Bd3 Be7 7. O-O Nc6 8. Nc3
Nf6 9. Be3 h6 10. Rc1 O-O 11. Qd2 Ng4 12. Bf4 e5 13. dxe5 dxe5 14. Bg3 Bg5 15.
Nxg5 hxg5 16. Rfd1 Be6 17. h3 Nh6 18. Qe3 g4 19. Bb1 Qa5 20. h4 f6 21. Nd5 Nd4
22. Nc7 Rac8 23. Nxe6 Rxc1 24. Rxc1 Nxe6 25. Qb3 Re8 26. Qxb7 Qd2 27. Qc6 Re7
28. Qc2 Qa5 29. Qb3 Kh7 30. Qc3 Qb6 31. Qd2 Nf7 32. Kf1 Rb7 33. b3 Nd4 34. Bh2
Nd8 35. Bg1 N8e6 36. Qd1 Rc7 37. Rxc7 Qxc7 38. Bd3 Nc5 39. Bb1 Nce6 40. Bd3 Qc3
41. f3 gxf3 42. gxf3 Nf4 43. Bxd4 Qxd4 44. Be2 Qb2 45. a4 a5 46. Kf2 Kh6 47.
Kf1 Kh5 48. Kf2 Kxh4 49. Qh1+ Nh3+ 50. Ke1 Qc3+ 51. Kf1 Qe3 52. Qh2 g5 53. Bd1
g4 54. fxg4 Qxe4 55. Qg2 Qd3+ 56. Qe2 Qd4 57. Qf3 e4 0-1